00734nam a22002057a 4500003000900000005001700009008003000026020001500056040002200071082001900093100003200112245008900144250001300233260002600246300003000272490004200302586011800344700002400462830004200486DO-SdBNP20180216142911.0160718 1991 sp a spa d a8434812258 aBPMSUbspacBPMSU04axxxxxxbxxxxxx1 aPosadas Mañé, Carmen de13aEl señor viento norte /cCarmen de Posadas Mañé ; ilustraciones Alfonso Ruano  a5a. ed.  aMadrid : bSM,c1991. a[26] p. :bil. ;c30 cm. 0 aCuentos de la torre y la estrellav10 aPremio del Ministerio de Cultura como libro infantil mejor editado del año en la especialidad de ilustración.12aRuano, Alfonsoeil. 0aCuentos de la torre y la estrellan10